000 00704nam a2200217Ia 4500
003 GCL
008 140319s9999 xx 000 0 ara d
020 _a5755274977
040 _aGCL /
_cGCL
082 0 4 _a956.91
_bم ا
100 1 _aمحمد جلاء ادريس
245 1 0 _aاورشليم القدس :
_bفى الفكر الدينى الاسرائيلى /
_cمحمد جلاء ادريس
250 _aالاولى
260 _aالقاهرة :
_bمركز الاعلام العربى ،
_c2001
300 _a208 ص ؛
_c19 سم
490 _aكتاب القدس
_v4
650 0 4 _aاورشليم
650 0 4 _aالقدس - تاريخ
650 0 4 _aالمدن - فلسطين
942 _2ddc
_cBK
999 _c8973
_d8973